000 00349nam a2200145Ia 4500
008 260319s9999 xx 000 0 und d
020 _a9.7893732603e+012
082 _a5.73
_bPAN/L
100 _aPandey,Abha
245 0 _aLipschutz Data Structures
250 _a2nd Edition
260 _aNew Delhi
_bMedtech
_c2026
300 _aA.19
942 _cBK
999 _c51148
_d51148